000 00572nmm a2200193Ia 4500
008 251105s9999||||xx |||||||||||||||||und||
020 _a9788415532842
041 _aspa
100 _aManning, Sarra
245 0 _aRarita y adorable :
_b Amor, odio, ¿qué será esto?
264 _a[Madrid, España] :
_bMaeva Ediciones,
_c2014
300 _a0 páginas
490 _aMaeva Young
650 _aTeen & Young Adult Fiction
700 _aManning, Sarra
700 1 _a Homedes Beutnagel, Jofre
856 _uhttps://public.digitaliapublishing.com/a/31420
942 _cCF
999 _c68236
_d68236